Software quality and testing : (Record no. 69405)

MARC details
000 -LEADER
fixed length control field 00827nam a22002297a 4500
005 - DATE AND TIME OF LATEST TRANSACTION
control field 2012082807327.0
008 - FIXED-LENGTH DATA ELEMENTS--GENERAL INFORMATION
fixed length control field 120828t xxu||||| |||| 00| 0 eng d
010 ## - LCCN (DPL NO)
LC control number ENG-105660
020 ## - INTERNATIONAL STANDARD BOOK NUMBER
International Standard Book Number 9788120346284
Terms of availability 475.00
035 ## - SYSTEM CONTROL NUMBER
System control number EN-89193
037 ## - SOURCE OF ACQUISITION
Source of stock number/acquisition DBAD / PUB
040 ## - CATALOGING SOURCE
Original cataloging agency DPL
Language of cataloging EN
082 ## - DEWEY DECIMAL CLASSIFICATION NUMBER
Classification number 005.14
100 ## - MAIN ENTRY--PERSONAL NAME
Personal name Kelkar, S.A.
9 (RLIN) 51623
245 ## - TITLE STATEMENT
Title Software quality and testing :
Remainder of title a concise study /
Statement of responsibility, etc by S.A. Kelkar
260 ## - PUBLICATION, DISTRIBUTION, ETC. (IMPRINT)
Place of publication, distribution, etc New Delhi
Name of publisher, distributor, etc PHI Learning
Date of publication, distribution, etc 2012
270 ## - ADDRESS
Address M-97, Connaught Circus
City New Delhi
Postal code 110001
300 ## - PHYSICAL DESCRIPTION
Extent x,606p. :
Dimensions 24cm (pbk)
Other physical details ill.
500 ## - GENERAL NOTE
General note Includes bibliographical references
942 ## - ADDED ENTRY ELEMENTS (KOHA)
Source of classification or shelving scheme Dewey Decimal Classification
Item type English Books
Classification part 005.14
Call number suffix KEL
Holdings
Withdrawn status Lost status Source of classification or shelving scheme Damaged status Not for loan Collection code Home library Current library Date acquired Source of acquisition Cost, normal purchase price Total Checkouts Full call number Barcode Date last seen Copy number Cost, replacement price Koha item type
    Dewey Decimal Classification   Not For Loan Non-fiction D.B.Act.Division D.B.Act.Division 28/08/2012 DBAD/PUB 475.00   005.14 KEL EN-89193 28/08/2012 1 475.00 English Books

© Delhi Public Library
Hit Counter
free hit counter